Dessins animés au box office par images - Statistiques

Statistiques générales
  • Ce quiz a été pris 229 fois
  • Le résultat moyen est 19 sur 20
Statistiques - réponses
Par images Réponse % Correct
Bambi
99%
Le Livre de la jungle
99%
Le Roi lion
99%
Les 101 Dalmatiens
99%
La Belle et le Clochard
98%
La Reine des Neiges 2
98%
Le Monde de Nemo
98%
Peter Pan
98%
Pinocchio
98%
Ratatouille
98%
Tarzan
98%
Aladdin
97%
Les Aristochats
97%
Shrek 2
97%
Vice-versa 2
95%
Blanche-Neige et les Sept Nains
94%
L'Âge de glace 3 : le Temps des dinosaures
94%
Cendrillon
92%
Super Mario Bros, le film
80%
Les Aventures de Bernard et Bianca
74%
Aucun quiz correspondant
Distribution des résultats
% des personnes avec chaque résultat
Percentile par nombre de réponses
Votre historique - résultats
Vous n’avez pas pris ce quiz